Después del TLC : la relación difícil México-Estados Unidos /

Emisión del programa Nexos TV del 20 de julio de 1995, dedicada a revisar la relación bilateral entre México y Estados Unidos, un año y medio después de la entrada en operación del Tratado de Libre Comercio (TLC) de América del Norte. El lapso transcurrido en ese período configuró un contexto donde...

Descripción completa

Guardado en:
Detalles Bibliográficos
Autor principal: Cordera Campos, Rolando (dir. general)
Otros autores: Sánchez Rebolledo, Adolfo (coordinación) (coordinación), Gutiérrez, Marcela (producción) (producción), Sánchez Rebolledo, Adolfo (guión) (guión), Aguilar Camín, Héctor (asesoría) (asesoría), Gallardo, Juan (conferencia) (conferencia), Gómez Arnau, Remedios (conferencia) (conferencia), Sepúlveda Amor, Bernardo (conferencia) (conferencia), García y Griego, Manuel (autor) (autor), Weintraub, Sidney (autor) (autor)
Formato: Audiovisual
Idioma:Español
Publicado: México : Televisión Azteca, 1995, c1995
Colección:(Nexos TV ; 333)
Temas:
Etiquetas: Agrega una etiqueta
Sin etiquetas, Sé el primero en etiquetar este registro!

MARC

LEADER 00000ngm^a2200000^a^4500
001 000275691
005 20250521000000.0
009 20260310111239.171
037 |a Acervo ITESO - Biblioteca 
041 |a ESP 
082 |a 320. 972  |b NEX V. 333 
100 |a Cordera Campos, Rolando  |e (dir. general) 
240 1 1 |a [Nexos TV] 
245 1 0 |a Después del TLC :  |b la relación difícil México-Estados Unidos /  |c Dir. general de R. Cordera Campos. 
264 4 |a México :  |b Televisión Azteca,  |c 1995, c1995 
300 |a 1 videocasete VHS  |c (57 min.) 
336 |a imagen móvil bidimensional  |b tdi  |2 rdacontenido 
337 |a video  |b v  |2 rdamedio 
338 |a videocasete  |b vf  |2 rdasoporte 
440 1 |a (Nexos TV ;  |v 333) 
520 |a Emisión del programa Nexos TV del 20 de julio de 1995, dedicada a revisar la relación bilateral entre México y Estados Unidos, un año y medio después de la entrada en operación del Tratado de Libre Comercio (TLC) de América del Norte. El lapso transcurrido en ese período configuró un contexto donde junto con el Tratado, aparecieron el apoyo norteamericano prestado al gobierno mexicano para solucionar la crisis financiera nacional o la formulación de la proposición 187 en el estado de California. Participaron en la mesa de discusión el embajador Bernardo Sepúlveda Amor; Juan Gallardo, titular de la Coordinación de Organizaciones Empresariales de Comercio Exterior (COECE), y Remedios Gómez Arnau, investigadora del Centro de Investigaciones sobre América del Norte de la Universidad Nacional Autónoma de México (UNAM). Completan la transmisión entrevistas con Manuel García y Griego, profesor de la Universidad de California en Irvine y de El Colegio de México, y Sidney Weintraub, profesor del Centro de Estudios Internacionales y Estratégicos en Washington, D.C. 
649 |a XX 
650 |a Economistas Norteamericanos -  |x Entrevistas 
650 |a Programas de Opinión y Debate 
650 |a Debates y el Arte de Discutir 
650 |a Tratado de Libre Comercio 
650 |a Tratados Comerciales Internacionales -  |z México-EUA-Canadá 
650 |a Cooperación Internacional -  |z México 
650 |a Finanzas -  |z México -  |x Historia 
650 |a Crisis Económica -  |z México -  |x Historia 
650 |a Comercio Internacional -  |z México-EUA -  |x Historia 
650 |a México -  |x Condiciones Económicas 
650 |a Economía -  |z México -  |x Historia -  |y 1994-2000 
650 |a Economía -  |z México -  |x Historia -  |y Siglo XX 
650 |a Relaciones Internacionales -  |z México-EUA -  |x Historia -  |x Tema Principal 
650 |a Política -  |z EUA -  |x Historia -  |y 1993-2001 
650 |a Política -  |z EUA -  |x Historia -  |y Siglo XX 
650 |a México -  |x Condiciones Políticas 
650 |a Política -  |z México -  |x Historia -  |y 1994-2000 
650 |a Política -  |z México -  |x Historia -  |y Siglo XX 
650 |a García y Griego, Manuel 
650 |a Weintraub, Sidney 
700 |a Sánchez Rebolledo, Adolfo  |e (coordinación) 
700 |a Gutiérrez, Marcela  |e (producción) 
700 |a Sánchez Rebolledo, Adolfo  |e (guión) 
700 |a Aguilar Camín, Héctor  |e (asesoría) 
700 |a Gallardo, Juan  |e (conferencia) 
700 |a Gómez Arnau, Remedios  |e (conferencia) 
700 |a Sepúlveda Amor, Bernardo  |e (conferencia) 
700 |a García y Griego, Manuel  |e (autor) 
700 |a Weintraub, Sidney  |e (autor) 
910 |a Fondo General 
920 |a Audiovisuales - Videocasetes 
905 |a 301 
901 |a 0500074225  |b IT2  |c VIS  |u 20250521 
902 |a https://opac.biblio.iteso.mx/vufind/Record/000275691